History Quiz

Random History or Biography Quiz

Historical Nicknames Quiz Stats

 Plays Quiz Updated May 27, 2016

Score 0/22 Timer 06:00
10 Plays Today
% Correct
Terrible
96.3%
Impaler
92.7%
Conqueror
91.4%
Virgin Queen
85.3%
Genghis Khan
84.4%
Che
84.1%
Grandmother of Europe
76%
Caligula
74.7%
Sun King
73.9%
Stonewall
73.2%
Last Emperor
70.4%
% Correct
Bonnie Prince Charlie
68.7%
Pocahontas
67%
Old Hickory
66.9%
Magnificent
66.1%
Unready
62.3%
Longshanks
60.7%
Merry Monarch
53.7%
Black Prince
52.9%
Barbarossa
47.9%
Lackland
46%
Bluetooth
44.7%

You're not logged in!

Compare scores with friends on all Sporcle quizzes.
OR
Log In

Show Comments

Extras

Top Quizzes Today


Score Distribution

Your Account Isn't Verified!

In order to create a playlist on Sporcle, you need to verify the email address you used during registration. Go to your Sporcle Settings to finish the process.

Report this User

Report this user for behavior that violates our Community Guidelines.

Details: